[Event "IV Festival A"]
[Site "Ischia ITA"]
[Date "1997.07.??"]
[Round "1"]
[White "Mazzoni, Guy"]
[Black "Nurkic, Sahbaz"]
[Result "1-0"]
[WhiteElo "2220"]
[BlackElo "2430"]
[PlyCount "81"]
[EventDate "1997.07.10"]

1. d4 Nf6 2. c4 e5 3. e3 exd4 4. exd4 Bb4+ 5. Nc3 O-O 6. Nf3 Re8+ 7. Be2 Qe7 8.
Bg5 d5 9. Bxf6 gxf6 10. Kf1 Bxc3 11. bxc3 dxc4 12. Bxc4 Bg4 13. Qd3 Nd7 14. Re1
Qf8 15. Re3 Rad8 16. Qe2 f5 17. h3 Bh5 18. g4 fxg4 19. Nh2 Rxe3 20. Qxe3 Re8
21. Qg5+ Bg6 22. Nxg4 Qe7 23. Qxe7 Rxe7 24. Ne3 c6 25. h4 Nf6 26. Be2 h5 27.
Bf3 c5 28. Kg2 cxd4 29. cxd4 Rc7 30. Rd1 b6 31. d5 Kf8 32. d6 Rd7 33. Nc4 Ne8
34. Bc6 Rd8 35. f3 f6 36. d7 Nc7 37. Nd6 Ne6 38. Nb7 Rb8 39. d8=Q+ Nxd8 40.
Nxd8 Ke7 41. Rd7+ 1-0

[Event "IV Festival A"]
[Site "Ischia ITA"]
[Date "1997.07.??"]
[Round "1"]
[White "Proietti, Giorgio"]
[Black "Stantic, Severino"]
[Result "1/2-1/2"]
[WhiteElo "1819"]
[BlackElo "2120"]
[PlyCount "57"]
[EventDate "1997.07.10"]

1. d4 Nf6 2. c4 e6 3. Nf3 b6 4. g3 Be7 5. Bg2 Bb7 6. Nc3 d5 7. cxd5 Nxd5 8.
Nxd5 Bxd5 9. O-O O-O 10. Bf4 Nd7 11. a3 c5 12. dxc5 Nxc5 13. Ne5 Bxg2 14. Qxd8
Rfxd8 15. Kxg2 Bf6 16. Rab1 Na4 17. Nd3 Rd4 18. Rfc1 Rd7 19. Rc2 g5 20. Be3 h6
21. Rbc1 b5 22. b3 Nb6 23. Bxb6 axb6 24. Rc8+ Rd8 25. Rxd8+ Bxd8 26. b4 Kg7 27.
Rc3 Bf6 28. Rc6 Bd8 29. Rc3 1/2-1/2

[Event "IV Festival A"]
[Site "Ischia ITA"]
[Date "1997.07.??"]
[Round "1"]
[White "Ptaschinski, Dirk"]
[Black "Larghi, Riccardo"]
[Result "1-0"]
[WhiteElo "2210"]
[BlackElo "1773"]
[PlyCount "63"]
[EventDate "1997.07.10"]

1. Nf3 Nf6 2. b3 c5 3. Bb2 Nc6 4. e3 d6 5. Bb5 Bd7 6. O-O e6 7. d4 Be7 8. Nbd2
cxd4 9. exd4 a6 10. Bd3 Nb4 11. Be2 Nbd5 12. Ng5 Nf4 13. Bf3 Bc6 14. Bxc6+ bxc6
15. Qf3 N6d5 16. Nxf7 Kxf7 17. c4 Bf6 18. cxd5 Nxd5 19. Ne4 Kg8 20. Qg3 c5 21.
Nxf6+ Nxf6 22. dxc5 dxc5 23. Rad1 Qe7 24. Rfe1 Kf7 25. Be5 Rhe8 26. Bd6 Qa7 27.
Rc1 Rac8 28. Rc4 Kg8 29. Rec1 Red8 30. h3 Rc6 31. Bxc5 Rxc5 32. Rxc5 1-0

[Event "IV Festival A"]
[Site "Ischia ITA"]
[Date "1997.07.??"]
[Round "1"]
[White "Saccone, Fabio"]
[Black "Ravagnani, Tiziano"]
[Result "1-0"]
[WhiteElo "2295"]
[BlackElo "2080"]
[PlyCount "73"]
[EventDate "1997.07.10"]

1. e4 c5 2. Ne2 Nc6 3. c4 g6 4. d4 cxd4 5. Nxd4 Bg7 6. Be3 Qb6 7. Nb3 Qb4+ 8.
Bd2 Qd6 9. Nc3 Nh6 10. Be2 O-O 11. Qc1 g5 12. Bxg5 Qg6 13. O-O f5 14. h4 Nf7
15. exf5 Qxf5 16. Be3 Nfe5 17. Qb1 d6 18. Qxf5 Bxf5 19. Rfd1 Rac8 20. Rac1 Ng4
21. Bxg4 Bxg4 22. Rd2 Ne5 23. Nd5 Rxc4 24. Nxe7+ Kf7 25. Nd5 Rfc8 26. Nc3 R4c6
27. Nd4 Nc4 28. Nxc6 Rxc6 29. Rd5 Be6 30. Rb5 b6 31. Ne4 h6 32. b3 a6 33. Rb4
d5 34. bxc4 dxe4 35. Rxb6 Rc7 36. Rxa6 h5 37. Ra7 1-0

[Event "IV Festival A"]
[Site "Ischia ITA"]
[Date "1997.07.??"]
[Round "1"]
[White "Trotto, Pierangelo"]
[Black "Ficco, Corrado"]
[Result "0-1"]
[WhiteElo "1752"]
[BlackElo "2105"]
[PlyCount "80"]
[EventDate "1997.07.10"]

1. e4 c5 2. Nf3 Nc6 3. d4 cxd4 4. Nxd4 Nf6 5. Nc3 e5 6. Ndb5 d6 7. Bg5 a6 8.
Na3 b5 9. Nd5 Be7 10. Bxf6 Bxf6 11. c3 O-O 12. Nc2 Rb8 13. Be2 Ne7 14. Ncb4 Bb7
15. O-O a5 16. Nxe7+ Bxe7 17. Nd5 Bxd5 18. Qxd5 Qb6 19. Rfd1 Rfc8 20. Qb3 a4
21. Qb4 Qc5 22. Rd5 Qxb4 23. cxb4 Rc2 24. Bxb5 Rxb2 25. Bxa4 R8xb4 26. Bb3 Rxe4
27. Rc1 g6 28. g3 Ree2 29. Rc8+ Kg7 30. Rc7 Bd8 31. Rb7 Rxf2 32. Rxd6 Rg2+ 33.
Kh1 Rxh2+ 34. Kg1 Rhg2+ 35. Kh1 Rgf2 36. Kg1 Bg5 37. Rd3 e4 38. Rc3 e3 39. Rc1
Rg2+ 40. Kf1 Rbf2+ 0-1

[Event "IV Festival A"]
[Site "Ischia ITA"]
[Date "1997.07.??"]
[Round "1"]
[White "Wronn, Bernd"]
[Black "D'Avino, Luca"]
[Result "1-0"]
[WhiteElo "2105"]
[BlackElo "1702"]
[PlyCount "65"]
[EventDate "1997.07.10"]

1. Nf3 Nf6 2. c4 g6 3. Nc3 Bg7 4. e4 d6 5. Be2 O-O 6. d4 e5 7. dxe5 dxe5 8.
Qxd8 Rxd8 9. Bg5 Re8 10. O-O-O c6 11. Nxe5 Rxe5 12. Rd8+ Re8 13. Bxf6 Rxd8 14.
Bxd8 Be6 15. Kc2 Na6 16. Rd1 Kf8 17. a3 f6 18. Rd6 Kf7 19. g4 Bh6 20. h4 Bf4
21. Rd1 Nc5 22. Ba5 Nd7 23. Nd5 cxd5 24. exd5 Bd6 25. dxe6+ Kxe6 26. Bf3 Rc8
27. Bc3 b6 28. Bd5+ Ke7 29. Re1+ Kd8 30. Be6 Kc7 31. Rd1 Rf8 32. Bxd7 Kxd7 33.
Bb4 1-0

[Event "IV Festival A"]
[Site "Ischia ITA"]
[Date "1997.07.??"]
[Round "2"]
[White "Accardo, Francesco"]
[Black "De Simone, Antonio"]
[Result "1-0"]
[WhiteElo "2050"]
[BlackElo "1786"]
[PlyCount "56"]
[EventDate "1997.07.10"]

1. e4 d5 2. Nc3 d4 3. Nd5 e5 4. c3 c6 5. Nb4 a5 6. Nd3 Bd6 7. Nf3 dxc3 8. dxc3
Qe7 9. Bg5 f6 10. Bh4 Nh6 11. h3 Be6 12. g4 g5 13. Bg3 Nf7 14. Qc2 Nd7 15.
O-O-O a4 16. Kb1 O-O 17. Be2 Kg7 18. Nd2 c5 19. h4 h6 20. Ne1 Nb6 21. c4 Nd8
22. hxg5 hxg5 23. f3 Nc6 24. Bf2 Qf7 25. f4 Rh8 26. Rxh8 Rxh8 27. f5 Bd7 28.
Nef3 28... Qe7 {...} 1-0

[Event "IV Festival A"]
[Site "Ischia ITA"]
[Date "1997.07.??"]
[Round "2"]
[White "Castrogiovanni, Carlo"]
[Black "Gurevich, Dmitry B."]
[Result "0-1"]
[WhiteElo "2105"]
[BlackElo "2575"]
[PlyCount "75"]
[EventDate "1997.07.10"]

1. e4 c5 2. Ne2 Nc6 3. g3 d5 4. Bg2 dxe4 5. Bxe4 Nf6 6. Bg2 g6 7. d3 Bg7 8.
Nbc3 O-O 9. O-O Qd7 10. Ne4 b6 11. Bg5 Nxe4 12. Bxe4 Bxb2 13. Bxe7 Qxe7 14.
Bxc6 Bg4 15. f3 Bh3 16. Rf2 Bxa1 17. Bxa8 Bg7 18. Bd5 Re8 19. Bc6 Rd8 20. Nf4
Bd4 21. Nxh3 Qe6 22. Kg2 Bxf2 23. Nxf2 Qxc6 24. Ne4 f5 25. Ng5 h6 26. Nh3 g5
27. Nf2 g4 28. h3 h5 29. Kf1 Qxf3 30. Qd2 Kf7 31. Qg5 Rh8 32. Qh4 f4 33. Kg1
Qxg3+ 34. Qxg3 fxg3 35. Ne4 h4 36. hxg4 Rg8 37. g5 Kg6 38. Kg2 0-1

[Event "IV Festival A"]
[Site "Ischia ITA"]
[Date "1997.07.??"]
[Round "2"]
[White "D'Avino, Luca"]
[Black "Castiglione, Umberto"]
[Result "0-1"]
[WhiteElo "1702"]
[BlackElo "1978"]
[PlyCount "138"]
[EventDate "1997.07.10"]

1. e4 c5 2. Nf3 d6 3. d4 cxd4 4. Nxd4 Nf6 5. Nc3 a6 6. Be2 e5 7. Nb3 Be7 8. O-O
O-O 9. Be3 Be6 10. Qd2 Nbd7 11. a4 Rc8 12. a5 Qc7 13. Rfd1 Rfd8 14. Bf3 Qb8 15.
Nc1 b5 16. Nd3 Nc5 17. Nb4 Qb7 18. Bg5 h6 19. Bxf6 Bxf6 20. Ncd5 Bg5 21. Qe1
Bxd5 22. Nxd5 Ne6 23. c3 g6 24. g3 h5 25. h4 Bh6 26. Qe2 Rc4 27. Nb6 Rc6 28.
Nd5 Rc4 29. Bg2 Kg7 30. Qf3 Re8 31. Bf1 Rcc8 32. Be2 Qa7 33. Nb6 Rc6 34. Nd5
Rcc8 35. Nb6 Rcd8 36. Nd5 Rf8 37. Qf6+ Kh7 38. Bxh5 Bg7 39. Bxg6+ fxg6 40. Qxe6
Qxf2+ 41. Kh1 Qxg3 42. Rf1 Qxh4+ 43. Kg1 Rde8 44. Qd7 Qg3+ 45. Kh1 Rh8 46. Nf6+
Kh6 47. Qg4 Qxg4 48. Nxg4+ Kg5+ 49. Nh2 Rh4 50. Rf7 Bh6 51. Kg2 Rxe4 52. Nf3+
Kg4 53. Rg1 Be3 54. Rh1 g5 55. Rh6 Bf4 56. Kf2 Bg3+ 57. Kf1 Rf4 58. Rhf6 Rh8
59. Rxf4+ Bxf4 60. Kg2 e4 61. Nd4 Rh2+ 62. Kf1 Rxb2 63. Ra7 Bd2 64. Ne2 Kf3 65.
Nd4+ Ke3 66. Rxa6 Bxc3 67. Nf5+ Kf3 68. Kg1 Rb1+ 69. Kh2 Be5+ 0-1

[Event "IV Festival A"]
[Site "Ischia ITA"]
[Date "1997.07.??"]
[Round "2"]
[White "Komljenovic, Davorin"]
[Black "Castelluzzo, Salvatore"]
[Result "1/2-1/2"]
[WhiteElo "2445"]
[BlackElo "2050"]
[PlyCount "37"]
[EventDate "1997.07.10"]

1. d4 d6 2. Nf3 Nf6 3. c4 Nbd7 4. Nc3 c6 5. e4 e5 6. Be2 Be7 7. O-O O-O 8. h3
Qc7 9. Be3 Re8 10. d5 a6 11. Qd2 c5 12. Qc2 Bf8 13. Nd2 g6 14. a3 Bg7 15. b4 b6
16. bxc5 bxc5 17. Rab1 Nb6 18. Nb3 Bd7 19. Bd3 1/2-1/2

[Event "IV Festival A"]
[Site "Ischia ITA"]
[Date "1997.07.??"]
[Round "2"]
[White "Larghi, Riccardo"]
[Black "Nurkic, Sahbaz"]
[Result "0-1"]
[WhiteElo "1773"]
[BlackElo "2430"]
[PlyCount "60"]
[EventDate "1997.07.10"]

1. e4 g6 2. d4 Bg7 3. Be3 d5 4. Nc3 dxe4 5. Nxe4 Nd7 6. Nf3 Ngf6 7. Nxf6+ Nxf6
8. h3 Nd5 9. Qd2 Nxe3 10. Qxe3 O-O 11. Bc4 c5 12. c3 cxd4 13. Nxd4 Qb6 14. Bb3
Bxd4 15. Qxd4 Qxd4 16. cxd4 Rd8 17. Rd1 b6 18. f4 Bb7 19. Rh2 Rac8 20. g4 Bf3
21. Rdd2 e6 22. Kf2 Bd5 23. Bxd5 Rxd5 24. Ke3 Rc4 25. Rh1 Kf8 26. Rhd1 b5 27.
Rd3 b4 28. b3 Rc6 29. R3d2 Ke7 30. Kd3 Rc3+ 0-1

[Event "IV Festival A"]
[Site "Ischia ITA"]
[Date "1997.07.??"]
[Round "2"]
[White "Pierbattisti, Giorgio"]
[Black "Gaggiottini, Manfredo"]
[Result "0-1"]
[WhiteElo "1726"]
[BlackElo "2105"]
[PlyCount "104"]
[EventDate "1997.07.10"]

1. d4 Nf6 2. c4 g6 3. Nc3 d5 4. cxd5 Nxd5 5. Qb3 Nb6 6. Nf3 Bg7 7. Bf4 O-O 8.
e3 Bg4 9. Be2 N8d7 10. h3 Be6 11. Qc2 Nf6 12. O-O Rc8 13. e4 c6 14. Rad1 Nh5
15. Be3 Qc7 16. Qc1 Bc4 17. Nd2 Bxe2 18. Nxe2 Rcd8 19. Nb3 Qc8 20. Bh6 Qe6 21.
Bxg7 Nxg7 22. Ng3 Nd7 23. Rfe1 Nf6 24. Qc3 Ngh5 25. Nc5 Qc8 26. Nxh5 Nxh5 27.
Qe3 Qc7 28. g3 b6 29. Nb3 Qc8 30. Kg2 Qb7 31. g4 Ng7 32. Nd2 c5 33. Nf3 cxd4
34. Nxd4 Rd7 35. Rd2 Rfd8 36. Red1 h5 37. f3 e5 38. Nb3 Ne6 39. Rxd7 Rxd7 40.
Rxd7 Qxd7 41. Qd2 Qb5 42. Kg3 Qf1 43. Qg2 Qe1+ 44. Kh2 h4 45. Qg1 Qe2+ 46. Qg2
Qd1 47. Qf2 g5 48. Kg2 Nf4+ 49. Kh2 Ne2 50. Qe3 Kf8 51. Qf2 Ng3 52. Qg2 a5 0-1

[Event "IV Festival A"]
[Site "Ischia ITA"]
[Date "1997.07.??"]
[Round "2"]
[White "Proietti, Giorgio"]
[Black "Delizia, Costantino"]
[Result "0-1"]
[WhiteElo "1819"]
[BlackElo "2001"]
[PlyCount "100"]
[EventDate "1997.07.10"]

1. d4 e6 2. e4 d5 3. exd5 exd5 4. Bd3 Bd6 5. Nf3 Bg4 6. O-O Ne7 7. Re1 Nbc6 8.
c3 Qd7 9. Bg5 f6 10. Bh4 g5 11. Bg3 Bxg3 12. hxg3 O-O-O 13. Qc2 h5 14. Nh2 Be6
15. Nd2 h4 16. gxh4 gxh4 17. Ndf3 Rdg8 18. Kf1 Bf5 19. Bxf5 Nxf5 20. Ng1 Qh7
21. Qe2 Kb8 22. Nh3 Qg6 23. Nf4 Qg5 24. Qf3 Nfxd4 25. cxd4 Nxd4 26. Qxd5 Qxf4
27. Nf3 Nxf3 28. Qxf3 Qxf3 29. gxf3 h3 30. Ke2 Re8+ 31. Kd3 Rxe1 32. Rxe1 h2
33. Rh1 c5 34. Ke4 Kc7 35. Kf5 Rh6 36. Ke6 Kc6 37. f4 b5 38. f5 c4 39. Kf7 b4
40. Kg7 Rh3 41. Kxf6 c3 42. bxc3 bxc3 43. Ke6 c2 44. f6 Rf3 45. f7 Rxf2 46. Rc1
Kc5 47. Ke7 Kb4 48. f8=Q Rxf8 49. Rxc2 h1=Q 50. Kxf8 Qh6+ 0-1

[Event "IV Festival A"]
[Site "Ischia ITA"]
[Date "1997.07.??"]
[Round "2"]
[White "Vujovic, Milorad"]
[Black "Messina, Enrico"]
[Result "1-0"]
[WhiteElo "2240"]
[BlackElo "2090"]
[PlyCount "43"]
[EventDate "1997.07.10"]

1. e4 c5 2. Nf3 d6 3. d4 cxd4 4. Nxd4 Nf6 5. Nc3 g6 6. Bc4 Bg7 7. h3 O-O 8. Bb3
Nc6 9. Be3 Bd7 10. O-O Qa5 11. a4 Rac8 12. f4 Qb4 13. e5 dxe5 14. Nxc6 Bxc6 15.
fxe5 Rcd8 16. Qe1 Ne4 17. Nd5 Qxe1 18. Nxe7+ Kh8 19. Raxe1 Ng3 20. Nxc6 bxc6
21. Rf3 Bxe5 22. Bf2 1-0

[Event "IV Festival A"]
[Site "Ischia ITA"]
[Date "1997.07.??"]
[Round "2"]
[White "Wagman, Stuart"]
[Black "Stantic, Severino"]
[Result "1/2-1/2"]
[WhiteElo "2175"]
[BlackElo "2120"]
[PlyCount "110"]
[EventDate "1997.07.10"]

1. e4 c5 2. Nf3 d6 3. d4 cxd4 4. Nxd4 Nf6 5. Nc3 g6 6. Be3 Bg7 7. f3 Nc6 8. Qd2
Bd7 9. O-O-O Nxd4 10. Bxd4 Qa5 11. Kb1 a6 12. Nd5 Qxd2 13. Rxd2 Nxd5 14. Bxg7
Rg8 15. Bd4 Nb4 16. Be2 Be6 17. a3 Nc6 18. Bb6 f6 19. f4 Nb8 20. Bf3 Nd7 21.
Ba5 b6 22. Bc3 Ra7 23. Bd4 Rc7 24. h4 Nc5 25. g4 Bc8 26. e5 dxe5 27. fxe5 f5
28. g5 Kf7 29. h5 Bb7 30. hxg6+ hxg6 31. e6+ Kxe6 32. Re1+ Kf7 33. Be5 Rcc8 34.
Bxb7 Nxb7 35. Rh2 Kf8 36. Rh7 Re8 37. Bd4 Nc5 38. Bxc5 bxc5 39. Re6 Rg7 40.
Rxg7 Kxg7 41. Rxa6 Rd8 42. b4 cxb4 43. axb4 Kf7 44. Kb2 f4 45. c4 Rd3 46. Kc2
Rg3 47. b5 f3 48. Kd3 Rxg5 49. Ke3 Rc5 50. Ra4 Rf5 51. Kf2 Ke8 52. Ra7 Kd8 53.
b6 Kc8 54. Rc7+ Kb8 55. Rxe7 Rc5 1/2-1/2

[Event "IV Festival A"]
[Site "Ischia ITA"]
[Date "1997.07.??"]
[Round "3"]
[White "Castiglione, Umberto"]
[Black "Komljenovic, Davorin"]
[Result "0-1"]
[WhiteElo "1978"]
[BlackElo "2445"]
[PlyCount "72"]
[EventDate "1997.07.10"]

1. e4 c5 2. Nf3 d6 3. d4 cxd4 4. Nxd4 Nf6 5. Nc3 g6 6. Be3 Bg7 7. f3 Nc6 8. Qd2
O-O 9. Bc4 Bd7 10. O-O-O Rc8 11. Bb3 Ne5 12. h4 h5 13. Bg5 Rc5 14. g4 hxg4 15.
f4 Nc4 16. Qe2 Na5 17. e5 Nxb3+ 18. Nxb3 Rxc3 19. bxc3 Qc8 20. f5 dxe5 21. fxg6
fxg6 22. Qe3 Bc6 23. Rhf1 Nd5 24. Qd2 Rf3 25. c4 Nf6 26. Nc5 Kh7 27. Qe2 Qf5
28. Nd3 Ne4 29. Rxf3 gxf3 30. Qh2 Nc3 31. Rh1 e4 32. Nf4 Ne2+ 33. Kd1 Qe5 34.
h5 Qa1+ 35. Kd2 e3+ 36. Kxe3 Qd4# 0-1

[Event "IV Festival A"]
[Site "Ischia ITA"]
[Date "1997.07.??"]
[Round "3"]
[White "De Simone, Antonio"]
[Black "Miele, Roberto"]
[Result "1-0"]
[WhiteElo "1786"]
[BlackElo "2015"]
[PlyCount "43"]
[EventDate "1997.07.10"]

1. d4 d5 2. Bf4 Nf6 3. e3 e6 4. Nf3 Nbd7 5. Nbd2 Be7 6. Bd3 c5 7. c3 O-O 8. h3
b6 9. g4 Bb7 10. Qb1 cxd4 11. exd4 g6 12. O-O Re8 13. Qe1 Rc8 14. Qe3 a6 15. a4
Rc6 16. Qe2 Qa8 17. Rfe1 Qc8 18. Qe3 Bd6 19. Bxd6 Rxd6 20. Qf4 Qc7 21. Ne5 Nf8
22. Qxf6 1-0

[Event "IV Festival A"]
[Site "Ischia ITA"]
[Date "1997.07.??"]
[Round "3"]
[White "Gaggiottini, Manfredo"]
[Black "Ravagnani, Tiziano"]
[Result "1-0"]
[WhiteElo "2105"]
[BlackElo "2080"]
[PlyCount "111"]
[EventDate "1997.07.10"]

1. e4 c5 2. Nf3 Nc6 3. d4 cxd4 4. Nxd4 Nf6 5. Nc3 e5 6. Ndb5 d6 7. Nd5 Nxd5 8.
exd5 Nb8 9. Qf3 a6 10. Qa3 Be7 11. h4 O-O 12. Bg5 f6 13. Bd2 f5 14. Bg5 Bxg5
15. hxg5 axb5 16. Qxa8 Na6 17. g6 hxg6 18. O-O-O Qb6 19. a4 Kf7 20. Kb1 Nc7 21.
a5 Qc5 22. Qb8 Na6 23. Qa8 Qxf2 24. Rh3 Nc5 25. Qb8 Ne4 26. Qc7+ Kf6 27. Rh7
Rg8 28. Bd3 Qc5 29. Qxc5 Nxc5 30. Bxb5 f4 31. Rdh1 Bf5 32. Rh8 Rxh8 33. Rxh8
Be4 34. b4 Na6 35. Rd8 Nxb4 36. Rxd6+ Kg5 37. Re6 Nxd5 38. Bd3 Bxd3 39. Rxe5+
Kg4 40. cxd3 Ne3 41. Rb5 Nxg2 42. Rxb7 f3 43. Rb2 Nf4 44. Kc2 f2 45. Rb1 Nd5
46. a6 f1=Q 47. Rxf1 Nb4+ 48. Kc3 Nxa6 49. Rf7 Nc5 50. Kc4 Ne6 51. d4 g5 52. d5
Nf4 53. d6 Ng6 54. Rxg7 Nf4 55. Re7 Ng6 56. Re8 1-0

[Event "IV Festival A"]
[Site "Ischia ITA"]
[Date "1997.07.??"]
[Round "4"]
[White "Auletta, Angelo"]
[Black "Gaggiottini, Manfredo"]
[Result "0-1"]
[WhiteElo "2215"]
[BlackElo "2105"]
[PlyCount "82"]
[EventDate "1997.07.10"]

1. e4 c6 2. d4 d5 3. Nd2 dxe4 4. Nxe4 Nf6 5. Nxf6+ exf6 6. Bc4 Bd6 7. Ne2 Qc7
8. Ng3 h5 9. Qe2+ Kf8 10. Ne4 Bg4 11. f3 Bf5 12. Bd2 Bxe4 13. fxe4 Nd7 14.
O-O-O Nb6 15. Bb3 c5 16. dxc5 Qxc5 17. Be3 Qc7 18. Kb1 Rc8 19. Qb5 Qc6 20. Qf5
Ke7 21. Bxb6 g6 22. Qf3 axb6 23. Rd5 b5 24. Rhd1 Rhd8 25. e5 Bc7 26. exf6+ Kf8
27. g3 Rd6 28. Qf4 Rxf6 29. Qh6+ Kg8 30. a3 Rf8 31. Ka2 Bb6 32. Rd7 b4 33. axb4
Qe4 34. Qd2 Be3 35. Qd5 Qxb4 36. Rxb7 Qg4 37. Rd7 Bh6 38. Rd8 Kh7 39. Kb1 Rf5
40. Qa8 Bg7 41. Rxf8 Qxd1+ 0-1

[Event "IV Festival A"]
[Site "Ischia ITA"]
[Date "1997.07.??"]
[Round "6"]
[White "Kloster, Josef"]
[Black "Schiappacasse, Marcello"]
[Result "1-0"]
[WhiteElo "2195"]
[BlackElo "1719"]
[PlyCount "39"]
[EventDate "1997.07.10"]

1. e4 c5 2. Nf3 d6 3. Nc3 Nc6 4. d4 cxd4 5. Nxd4 g6 6. Be3 Bg7 7. Qd2 Nf6 8. f3
O-O 9. Nxc6 bxc6 10. Bh6 Bxh6 11. Qxh6 Rb8 12. O-O-O Qb6 13. b3 Be6 14. h4 Qc5
15. Kb1 Rb4 16. h5 gxh5 17. Bd3 Bc4 18. e5 Qxe5 19. f4 Qe3 20. Bxh7+ 1-0

[Event "IV Festival A"]
[Site "Ischia ITA"]
[Date "1997.07.??"]
[Round "7"]
[White "Wagman, Stuart"]
[Black "Vignato, Giovanni"]
[Result "0-1"]
[WhiteElo "2175"]
[BlackElo "2150"]
[PlyCount "67"]
[EventDate "1997.07.10"]

1. e4 c6 2. d4 d5 3. Nc3 dxe4 4. Nxe4 Bf5 5. Ng3 Bg6 6. Nf3 Nd7 7. h4 h6 8. h5
Bh7 9. Bd3 Bxd3 10. Qxd3 Ngf6 11. Bd2 e6 12. O-O-O Qc7 13. Rh4 O-O-O 14. Qe2
Bd6 15. Ne4 Nxe4 16. Rxe4 Nf6 17. Rh4 Kb8 18. Ne5 c5 19. Nc4 Ka8 20. Nxd6 Qxd6
21. Be3 Qd5 22. c4 Qxg2 23. dxc5 e5 24. Rhh1 Rxd1+ 25. Rxd1 a6 26. Qd2 Qc6 27.
Qa5 Nxh5 28. Rd6 Qh1+ 29. Kd2 Rc8 30. Rd8 Qc6 31. Rd6 Qc7 32. Rb6 Nf4 33. c6
Qd8+ 34. Ke1 0-1

[Event "IV Festival A"]
[Site "Ischia ITA"]
[Date "1997.07.??"]
[Round "8"]
[White "Ellers, Holger"]
[Black "Komljenovic, Davorin"]
[Result "1/2-1/2"]
[WhiteElo "2405"]
[BlackElo "2445"]
[PlyCount "133"]
[EventDate "1997.07.10"]

1. d4 Nf6 2. Nf3 e6 3. g3 b5 4. Bg2 Bb7 5. O-O Be7 6. Bg5 O-O 7. Qd3 a6 8. Nbd2
d5 9. Bxf6 Bxf6 10. c3 Nd7 11. a4 bxa4 12. Rxa4 c5 13. Rfa1 Qb6 14. e3 a5 15.
c4 cxd4 16. exd4 Bc6 17. c5 Qxb2 18. R4a2 Qb8 19. Rxa5 Nxc5 20. Qc3 Rxa5 21.
Rxa5 Nb7 22. Ra6 Nd8 23. Rxc6 Nxc6 24. Qxc6 Qb4 25. Bh3 Bxd4 26. Bxe6 fxe6 27.
Qxe6+ Kh8 28. Qxd5 Bb6 29. Kg2 Qc5 30. Qxc5 Bxc5 31. Ne4 Ba7 32. Ne5 Re8 33.
Nd6 Re6 34. f4 Kg8 35. Ndc4 Ra6 36. h4 Kf8 37. Kf3 Ke7 38. Ke4 Bf2 39. Kf3 Bd4
40. Ke4 Bxe5 41. Nxe5 Ra4+ 42. Kf5 Kd6 43. h5 Kd5 44. h6 gxh6 45. Ng4 Ra3 46.
Nf6+ Kd6 47. Kg4 Ke6 48. Nh5 Ra1 49. Ng7+ Kf6 50. Nh5+ Kg6 51. f5+ Kf7 52. Kf3
Ra3+ 53. Kf4 Ra4+ 54. Kf3 Ke7 55. g4 Kd6 56. Nf6 Ke5 57. Nd7+ Kd6 58. Nf6 Ra7
59. Kf4 Rb7 60. Ne4+ Kd5 61. Nf6+ Kd4 62. Ng8 h5 63. gxh5 Rb1 64. Nh6 Rg1 65.
Ng4 Kd5 66. Nf6+ Kd6 67. Nxh7 1/2-1/2

[Event "IV Festival B"]
[Site "Ischia ITA"]
[Date "1997.07.??"]
[Round "?"]
[White "Bertolini, Ettore"]
[Black "Menato, Nazario"]
[Result "0-1"]
[WhiteElo "1668"]
[BlackElo "1549"]
[PlyCount "56"]
[EventDate "1997.07.10"]

1. e4 Nf6 2. Nc3 d6 3. d4 e6 4. f4 e5 5. dxe5 Bg4 6. Qd4 Nc6 7. Bb5 dxe5 8.
Qxe5+ Be7 9. Bxc6+ bxc6 10. f5 O-O 11. Bg5 Re8 12. Bxf6 Bxf6 13. Qf4 Bg5 14.
Qxg4 Qd2+ 15. Kf1 Be3 16. Qe2 Qd4 17. Nf3 Qb6 18. Na4 Qb4 19. Qxe3 Rxe4 20. Qd3
Qxa4 21. b3 Qb4 22. c3 Qe7 23. Kf2 Rd8 24. Qc2 Re8 25. Rhe1 Qc5+ 26. Kf1 Qxf5
27. Rad1 Rxe1+ 28. Rxe1 Rxe1+ 0-1

[Event "IV Festival B"]
[Site "Ischia ITA"]
[Date "1997.07.??"]
[Round "?"]
[White "Di Muccio, Lindoro"]
[Black "Medori, Marco"]
[Result "0-1"]
[WhiteElo "1570"]
[BlackElo "1600"]
[PlyCount "94"]
[EventDate "1997.07.10"]

1. d4 Nf6 2. c4 g6 3. Nc3 Bg7 4. Nf3 d6 5. e4 O-O 6. Be2 Nc6 7. O-O e5 8. d5
Ne7 9. Rb1 Ne8 10. b4 f5 11. Ng5 h6 12. Nf3 f4 13. c5 g5 14. Nd2 Nf6 15. cxd6
cxd6 16. f3 Ng6 17. Nc4 Rf7 18. Nb5 Bf8 19. Bb2 h5 20. h3 Rg7 21. Kf2 g4 22.
Ke1 Nh4 23. fxg4 hxg4 24. Qd3 Nxg2+ 25. Kd2 a6 26. Nba3 Qe8 27. hxg4 Nxg4 28.
Rg1 N4e3 29. Nb6 Rb8 30. Nxc8 Rxc8 31. Bf3 Rg3 32. Qe2 Qa4 33. Qd3 Rxf3 34.
Rxg2+ Kf7 35. Ke2 Nxg2 36. Kxf3 Nh4+ 37. Kf2 Be7 38. Nc4 Rg8 39. a3 Rg2+ 40.
Kf1 Qd7 41. Bxe5 Qg4 42. Bd4 Rg3 43. Qd1 Qh3+ 44. Ke2 Rg2+ 45. Bf2 Qf3+ 46. Kd2
Rxf2+ 47. Kc1 Qc3+ 0-1

[Event "IV Festival B"]
[Site "Ischia ITA"]
[Date "1997.07.??"]
[Round "?"]
[White "Medori, Marco"]
[Black "Lemma, Vittorio"]
[Result "0-1"]
[WhiteElo "1600"]
[BlackElo "1708"]
[PlyCount "52"]
[EventDate "1997.07.10"]

1. e4 e6 2. d4 d5 3. e5 c5 4. c3 Nc6 5. Nf3 cxd4 6. cxd4 f6 7. exf6 Nxf6 8. Nc3
Bd6 9. Bd3 O-O 10. O-O a6 11. Re1 Bd7 12. Bg5 Qc7 13. h3 h6 14. Bh4 Rae8 15.
Rc1 Bf4 16. Bg6 Rc8 17. Rc2 Be8 18. Bxe8 Rcxe8 19. Bxf6 gxf6 20. Rce2 Qf7 21.
g3 Bd6 22. Qd2 Kg7 23. a3 e5 24. dxe5 fxe5 25. Nh2 Nd4 26. Ng4 Nf3+ 0-1

[Event "IV Festival B"]
[Site "Ischia ITA"]
[Date "1997.07.??"]
[Round "1"]
[White "Canestrelli, Luigi"]
[Black "Figus, Maurizio"]
[Result "1-0"]
[WhiteElo "1549"]
[BlackElo "1639"]
[PlyCount "51"]
[EventDate "1997.07.10"]

1. Nf3 Nf6 2. c4 c5 3. g3 Nc6 4. Bg2 d5 5. cxd5 Nxd5 6. O-O e5 7. Nc3 Nc7 8. d3
Be7 9. a3 O-O 10. Qc2 Ne6 11. e3 Qd7 12. Rd1 Rb8 13. Ne2 Rd8 14. b3 f6 15. Bb2
Kh8 16. d4 cxd4 17. exd4 exd4 18. Nexd4 Ncxd4 19. Nxd4 Nxd4 20. Bxd4 Qf5 21.
Qxf5 Bxf5 22. Bxa7 Rxd1+ 23. Rxd1 Ra8 24. Be3 Bxa3 25. Ra1 Bc8 26. Bc5 1-0

[Event "IV Festival B"]
[Site "Ischia ITA"]
[Date "1997.07.??"]
[Round "1"]
[White "Colonna, Luciano"]
[Black "Sirletti, Sonia"]
[Result "1-0"]
[WhiteElo "1570"]
[BlackElo "1693"]
[PlyCount "113"]
[EventDate "1997.07.10"]

1. d4 Nf6 2. Nf3 g6 3. Bg5 Bg7 4. Nbd2 O-O 5. e3 d6 6. Be2 Nc6 7. O-O Qe8 8. e4
e5 9. dxe5 dxe5 10. c3 h6 11. Be3 Qe7 12. h3 Nd8 13. Kh2 Nh5 14. g3 Ne6 15. Nh4
Nhf4 16. Bg4 Nd3 17. Qc2 Ndc5 18. Bf3 Ng5 19. Bg2 Be6 20. Nb3 Nxb3 21. axb3 a5
22. Rad1 Rfd8 23. Rxd8+ Rxd8 24. Rd1 Rxd1 25. Qxd1 Qd7 26. Qxd7 Bxd7 27. Bc5
Bc6 28. f3 Ne6 29. Be3 Bb5 30. Kg1 Bd3 31. Bf1 Bc2 32. Bc4 Kh7 33. Ng2 Bf6 34.
Kf2 Kg7 35. Ke2 Bg5 36. Bxg5 Nxg5 37. h4 Ne6 38. Kd2 Bb1 39. Kc1 Ba2 40. Bxe6
fxe6 41. Kc2 b5 42. Ne3 h5 43. c4 bxc4 44. bxc4 a4 45. Kc3 c5 46. g4 Kf6 47.
Nc2 Bb3 48. g5+ Ke7 49. Ne3 Kd6 50. Kd3 Ke7 51. Kd2 Kd6 52. Kd3 Ke7 53. Kc3 Kd7
54. Nc2 Kc7 55. Ne1 Kc6 56. Nd3 Kd6 57. f4 1-0

[Event "IV Festival B"]
[Site "Ischia ITA"]
[Date "1997.07.??"]
[Round "3"]
[White "Diena, Giovanni"]
[Black "Variato, Mariano"]
[Result "0-1"]
[WhiteElo "1849"]
[BlackElo "1549"]
[PlyCount "50"]
[EventDate "1997.07.10"]

1. e4 e5 2. Nf3 Nc6 3. Bb5 a6 4. Ba4 Nf6 5. O-O b5 6. Bb3 Be7 7. Re1 O-O 8. c3
d5 9. exd5 Nxd5 10. Nxe5 Nxe5 11. Rxe5 c6 12. Bxd5 cxd5 13. d4 Bd6 14. Re2 Qh4
15. g3 Qh5 16. Qe1 Bg4 17. Re3 f5 18. Re6 Rae8 19. Bf4 Bxf4 20. gxf4 Bf3 21.
Qe3 Qh3 22. Qxf3 Qxf3 23. Re5 Qxf4 24. Na3 Rxe5 25. dxe5 Re8 0-1